00463nam a22001577a 4500020001800000041000800018082001700026100002300043245003800066260002300104300000800127650002400135942000700159952012200166999001700288 a9788184656046 aENG a280.042bPAT aPathil , Kuncheria aFuture of the Ecumenical Movement aDelhibISPCKc2017 a189 aEcumenical movement cBK 00104070aHMIbHMIcGENd2020-06-05eISPCKg275.00l1o280.042 PATp11-4326r2022-09-27s2022-09-06w2020-06-05yBK c22923d22923